[Event "Reykjavik Open 2017"]
[Site "Reykjavik ISL"]
[Date "2017.04.25"]
[Round "8.34"]
[White "Yu,Jonathan"]
[Black "Timmermans,M"]
[Result "0-1"]
[WhiteElo "2073"]
[BlackElo "2385"]

1.e4 e5 2.Nf3 Nc6 3.Bc4 Nf6 4.d3 h6 5.O-O d6 6.a4 g5 7.Nc3 g4 8.Ne1 h5 9.Bg5
Be7 10.f4 exf4 11.Rxf4 Rg8 12.Bxf6 Bxf6 13.Nd5 Bd4+ 14.Kh1 Be5 15.d4 Nxd4
16.Nd3 Bxf4 17.N3xf4 Nc6 18.Nxh5 Rg6 19.Ndf4 Rh6 20.Bxf7+ Kxf7 21.Qd5+ Be6
22.Nxe6 Rxe6 23.Rf1+ Ke7 24.Ng7 Qg8 25.Qg5+ Kd7 26.Nxe6 Qxe6 27.Qg7+ Ne7
28.Rf7 Re8 29.e5 dxe5 30.b3 e4 31.Qd4+ Qd6 32.Qxd6+ cxd6 33.Kg1 d5 34.Kf2 Ke6
35.Rf4 Rg8 36.c4 Rg5 37.cxd5+ Ke5 38.Rf7 Rf5+ {#R} 0-1

[Event "Reykjavik Open 2017"]
[Site "Reykjavik ISL"]
[Date "2017.04.25"]
[Round "8.35"]
[White "Henderson de La Fuente,Lance"]
[Black "Vistisen,L"]
[Result "1-0"]
[WhiteElo "2372"]
[BlackElo "2097"]

1.e4 e5 2.Nf3 Nc6 3.Bb5 f5 4.d3 fxe4 5.dxe4 Nf6 6.O-O Bc5 7.Bxc6 bxc6 8.Nxe5
O-O 9.Nc3 Qe8 10.Nd3 Bd4 11.e5 Nd5 12.Nxd5 cxd5 13.Re1 Bb6 14.Be3 d4 15.Bf4
Qe6 16.a4 a5 17.Qf3 Rb8 18.Qg3 Bb7 19.Re2 Rbe8 20.Rae1 Qc6 21.e6 Rxe6 22.Rxe6
dxe6 23.Bh6 Qd7 24.Rxe6 Rf7 25.Re1 Kh8 26.Ne5 Re7 27.Bxg7+ Rxg7 28.Nxd7 Rxg3
29.hxg3 {#r} 1-0

[Event "Reykjavik Open 2017"]
[Site "Reykjavik ISL"]
[Date "2017.04.25"]
[Round "8.38"]
[White "Barthel,A"]
[Black "Kanmazalp,O"]
[Result "0-1"]
[WhiteElo "2166"]
[BlackElo "2448"]

1.e4 c5 2.Nf3 Nc6 3.d4 cxd4 4.Nxd4 e6 5.Nc3 Qc7 6.Nxc6 bxc6 7.Bd3 Nf6 8.O-O
Be7 9.Qe2 d5 10.b3 O-O 11.Bb2 Bb7 12.Na4 dxe4 13.Bxe4 Nxe4 14.Qxe4 Bd6 15.h4
c5 16.Qg4 e5 17.Rad1 f5 18.Qc4+ Kh8 19.Rfe1 Qc6 20.Qf1 Rae8 21.c4 Rf6 22.Nc3
Rh6 23.Nd5 Rxh4 24.f4 e4 25.Re3 Bf8 26.Rh3 Rxh3 27.gxh3 Qh6 28.Ne3 Bc8 29.Kh1
Bd6 30.Rd5 Qg6 31.Qg2 Bf8 32.Re5 Be6 {#R} 0-1

[Event "Reykjavik Open 2017"]
[Site "Reykjavik ISL"]
[Date "2017.04.25"]
[Round "8.40"]
[White "L'Ami,Alina"]
[Black "Walton,A"]
[Result "1-0"]
[WhiteElo "2324"]
[BlackElo "2199"]

1.Nf3 f5 2.d3 d6 3.e4 e5 4.Nc3 Nc6 5.Nd5 Nf6 6.Bg5 Be7 7.Nxe7 Qxe7 8.Nh4 fxe4
9.dxe4 Qf7 10.Bd3 Ne7 11.O-O h6 12.Bd2 g5 13.Nf5 Nxf5 14.exf5 Bd7 15.f3 O-O-O
16.c4 Rdg8 17.b4 g4 18.b5 d5 19.fxg4 Nxg4 20.cxd5 Qxd5 21.Qe2 Qd4+ 22.Kh1 e4
23.Bxe4 Re8 24.Qxg4 Rxe4 25.Qf3 Rf8 26.Bc3 Qc4 27.f6 Bxb5 28.Qh3+ Rg4 29.Qxh6
Qf7 30.Qh3 Bd7 31.Rad1 Kb8 32.Bb4 Rxb4 33.Qxd7 b6 34.Qe7 Rc4 35.Rd8+ {#r} 1-0

[Event "Reykjavik Open 2017"]
[Site "Reykjavik ISL"]
[Date "2017.04.25"]
[Round "8.43"]
[White "Nebolsina,V"]
[Black "Motycakova,M"]
[Result "1-0"]
[WhiteElo "2285"]
[BlackElo "2162"]

1.e4 e5 2.Nf3 Nc6 3.Bc4 Bc5 4.c3 Nf6 5.d3 d6 6.a4 a5 7.Na3 h6 8.Nc2 d5 9.exd5
Nxd5 10.Ne3 Nf4 11.O-O O-O 12.g3 Nh3+ 13.Kg2 Qd6 14.Nh4 Ne7 15.d4 exd4 16.cxd4
Bxd4 17.f4 Qc5 18.Ra3 Bxe3 19.Rxe3 Qxc4 20.Rxe7 Ra6 21.g4 Rd6 22.Qf3 h5
23.Qxh3 hxg4 24.Qc3 Qd5+ 25.Kg1 Rh6 26.Re5 Qd8 27.Ng2 b6 28.f5 Bb7 29.Bxh6
gxh6 30.f6 Re8 31.Rxe8+ Qxe8 32.Qg3 Qxa4 33.Ne3 h5 34.Qe5 {#r} 1-0

[Event "Reykjavik Open 2017"]
[Site "Reykjavik ISL"]
[Date "2017.04.25"]
[Round "8.44"]
[White "Bjornsson,Si"]
[Black "Heimisson,Hilmir Freyr"]
[Result "1-0"]
[WhiteElo "2279"]
[BlackElo "2152"]

1.e4 Nf6 2.e5 Nd5 3.d4 d6 4.c4 Nb6 5.exd6 cxd6 6.Nc3 g6 7.Be2 Bg7 8.h3 O-O
9.Nf3 Nc6 10.O-O Bf5 11.Be3 Re8 12.Rc1 d5 13.c5 Nc4 14.Bxc4 dxc4 15.Qa4 Bd3
16.Rfd1 e5 17.d5 Nd4 18.Ne1 Qh4 19.Nxd3 cxd3 20.Bxd4 exd4 21.d6 Qg5 22.d7 Re2
23.c6 bxc6 24.Qxc6 Rf8 25.Nxe2 dxe2 26.Rd3 Qa5 27.Qe4 Bh6 28.Ra1 Be3 29.b4
Qxa2 30.Rxa2 e1=Q+ 31.Kh2 Qb1 32.Re2 Bg5 33.Rxd4 Qc1 34.Rc2 Qa1 35.Rc8 Bd8
36.Rxd8 Rxd8 37.Qe8+ Kg7 38.Qxd8 Qxd4 39.Qc7 {#r} 1-0

[Event "Reykjavik Open 2017"]
[Site "Reykjavik ISL"]
[Date "2017.04.25"]
[Round "8.48"]
[White "Guezennec,F"]
[Black "Yakimenko,Alex"]
[Result "1-0"]
[WhiteElo "2271"]
[BlackElo "2145"]

1.e4 e6 2.d4 d5 3.Nc3 Bb4 4.e5 c5 5.Bd2 a6 6.Qg4 g6 7.a3 cxd4 8.axb4 dxc3
9.Bxc3 Nd7 10.Nf3 Nh6 11.Qh3 Nf5 12.g4 Ne7 13.Qh6 Qc7 14.Bd3 b6 15.O-O Bb7
16.Ng5 Nc6 17.Qg7 Rf8 18.Nxh7 d4 19.Nxf8 Nxf8 20.Bd2 Nxe5 21.Be2 O-O-O 22.Bg5
Re8 23.f3 Nfd7 24.Rad1 Qd6 25.Bf4 d3 26.Rxd3 Qxb4 27.Bxe5 Qc5+ 28.Bd4 {#r} 1-0

[Event "Reykjavik Open 2017"]
[Site "Reykjavik ISL"]
[Date "2017.04.25"]
[Round "8.50"]
[White "Murray,Ji"]
[Black "Ptacnikova,L"]
[Result "0-1"]
[WhiteElo "1896"]
[BlackElo "2242"]

1.e4 c5 2.Nf3 e6 3.d4 cxd4 4.Nxd4 a6 5.Bd3 Nf6 6.O-O Qc7 7.Qe2 d6 8.Nc3 Be7
9.Kh1 Nc6 10.Nxc6 bxc6 11.Be3 O-O 12.f4 Bb7 13.Rae1 c5 14.Bg1 Nd7 15.Bc4 Bf6
16.f5 Bxc3 17.bxc3 exf5 18.Rxf5 Ne5 19.h3 Nxc4 20.Qxc4 Rae8 21.Bh2 Re6 22.e5
Qc6 23.Qf1 f6 24.Re2 dxe5 25.Rexe5 Rxe5 26.Bxe5 Rd8 27.Qc4+ Kh8 28.Qg4 Rd1+
29.Kh2 Rd2 {#R} 0-1

[Event "Reykjavik Open 2017"]
[Site "Reykjavik ISL"]
[Date "2017.04.25"]
[Round "8.50"]
[White "Murray,Ji"]
[Black "Ptacnikova,L"]
[Result "0-1"]
[WhiteElo "1896"]
[BlackElo "2242"]

1.e4 c5 2.Nf3 e6 3.d4 cxd4 4.Nxd4 a6 5.Bd3 Nf6 6.O-O Qc7 7.Qe2 d6 8.Nc3 Be7
9.Kh1 Nc6 10.Nxc6 bxc6 11.Be3 O-O 12.f4 Bb7 13.Rad1 c5 14.Bg1 Nd7 15.Bc4 Bf6
16.f5 Bxc3 17.bxc3 exf5 18.Rxf5 Ne5 19.h3 Nxc4 20.Qxc4 Rae8 21.Bh2 Re6 22.e5
Qc6 23.Qf1 f6 24.Re1 dxe5 25.Rexe5 Rxe5 26.Bxe5 Rd8 27.Qc4+ Kh8 28.Qg4 Rd1+
29.Kh2 Rd2 {#R} 0-1

[Event "Reykjavik Open 2017"]
[Site "Reykjavik ISL"]
[Date "2017.04.25"]
[Round "8.51"]
[White "Murray,P"]
[Black "Doknjas,Joshua"]
[Result "0-1"]
[WhiteElo "2235"]
[BlackElo "2123"]

1.c4 c5 2.Nf3 Nc6 3.d4 cxd4 4.Nxd4 Nf6 5.Nc3 e6 6.e3 Bb4 7.Qc2 O-O 8.Be2 d5
9.Nxc6 bxc6 10.O-O Ba6 11.Rd1 Qa5 12.Bd2 Bxc4 13.Bxc4 dxc4 14.a3 Bd6 15.Ne4
Qf5 16.Nxf6+ Qxf6 17.Bc3 Be5 18.Bxe5 Qxe5 19.Rd4 Rab8 20.Rb1 Rfd8 21.Rxc4 Rxb2
22.Rd4 Qxd4 23.exd4 Rxc2 24.g3 g6 25.Rb4 Rd2 {#R} 0-1

[Event "Reykjavik Open 2017"]
[Site "Reykjavik ISL"]
[Date "2017.04.25"]
[Round "8.54"]
[White "Doknjas,John"]
[Black "Acevedo Mendez,Lisseth"]
[Result "1-0"]
[WhiteElo "2216"]
[BlackElo "1845"]

1.d4 f5 2.g3 g6 3.Bg2 Nf6 4.Nf3 Bg7 5.O-O O-O 6.b3 c5 7.e3 cxd4 8.exd4 Nc6
9.Bb2 d5 10.Ne5 e6 11.c4 Qc7 12.Nd2 Rd8 13.Rc1 Qb8 14.Ndf3 Ne4 15.Qe2 dxc4
16.Nxc6 bxc6 17.Qxc4 c5 18.Rc2 cxd4 19.Bxd4 Qd6 20.Bxg7 Kxg7 21.Qc7+ Rd7
22.Qxd6 Rxd6 23.Ng5 Nxg5 24.Bxa8 Ba6 25.Rfc1 Bd3 26.Rc7+ Kf6 27.h4 Ne4 28.Bxe4
Bxe4 29.Rxa7 h6 30.Re1 Bf3 31.b4 Rb6 32.a3 Rd6 33.b5 Rd2 34.a4 Rb2 35.Rc7 Bd5
36.Ra1 Ke5 37.Rd7 Rb4 38.a5 Rxb5 39.a6 Rb8 40.a7 Ra8 41.Rb1 Rc8 42.Rxd5+ {#r}
1-0

[Event "Reykjavik Open 2017"]
[Site "Reykjavik ISL"]
[Date "2017.04.25"]
[Round "8.58"]
[White "Van Leent,D"]
[Black "Prieto,Alberto"]
[Result "1-0"]
[WhiteElo "2230"]
[BlackElo "1999"]

1.c4 e6 2.g3 d5 3.Bg2 Nf6 4.Nf3 dxc4 5.Na3 Bxa3 6.bxa3 b5 7.Bb2 Bb7 8.Qc2 Nbd7
9.O-O a6 10.a4 Nb6 11.axb5 axb5 12.Rfd1 b4 13.Be5 c5 14.d4 Be4 15.Qc1 c3
16.dxc5 Nbd5 17.Rd4 Qa5 18.Bxf6 Nxf6 19.Rxe4 Nxe4 20.Nd4 f5 21.Nxe6 b3 22.Qf4
b2 23.Rd1 Qa4 24.Nxg7+ Kf7 25.Qxf5+ Kxg7 26.Rd7+ Qxd7 27.Qxd7+ Kf6 28.Qd4+ Kf7
29.Bxe4 Rad8 30.Qxc3 {#r} 1-0

[Event "Reykjavik Open 2017"]
[Site "Reykjavik ISL"]
[Date "2017.04.25"]
[Round "8.59"]
[White "Della Pietra,A"]
[Black "Zemlickova,Olena"]
[Result "0-1"]
[WhiteElo "2228"]
[BlackElo "2053"]

1.d4 d5 2.c4 e6 3.Nc3 Be7 4.cxd5 exd5 5.Bf4 c6 6.e3 Bd6 7.Bxd6 Qxd6 8.Bd3 Ne7
9.Qc2 g6 10.f3 O-O 11.O-O-O b6 12.g4 h6 13.h4 Ba6 14.Nge2 Qe6 15.e4 dxe4
16.fxe4 Qxg4 17.Bxa6 Nxa6 18.Qd2 Kh7 19.Rhg1 Qd7 20.Rg3 b5 21.e5 Nb4 22.Ne4
Nbd5 23.Rf1 Nf5 24.Rgf3 Qe7 25.h5 Qb4 26.N4c3 Nxc3 27.bxc3 Qc4 28.Rh1 Qd5
29.Rhf1 {#R} 0-1

[Event "Reykjavik Open 2017"]
[Site "Reykjavik ISL"]
[Date "2017.04.25"]
[Round "8.61"]
[White "Laustsen,L"]
[Black "Baldvinsson,Loftur"]
[Result "1-0"]
[WhiteElo "2169"]
[BlackElo "1971"]

1.d4 Nf6 2.c4 g6 3.g3 Bg7 4.Bg2 d6 5.Nf3 O-O 6.O-O Nbd7 7.Nc3 e5 8.e4 Re8 9.d5
Nc5 10.Ne1 a5 11.Nd3 Nfd7 12.Rb1 Nxd3 13.Qxd3 Nc5 14.Qe2 f5 15.Be3 b6 16.f3 g5
17.Bxc5 bxc5 18.Bh3 fxe4 19.Bxc8 exf3 20.Qxf3 Rxc8 21.Qf7+ Kh8 22.Ne4 Rf8
23.Qh5 h6 24.Rxf8+ Bxf8 25.Rf1 Qe8 26.Rf7 Bg7 27.Qg6 Qg8 28.Nf6 {#r} 1-0

[Event "Reykjavik Open 2017"]
[Site "Reykjavik ISL"]
[Date "2017.04.25"]
[Round "8.64"]
[White "Runarsson,G"]
[Black "Maroroa,S"]
[Result "0-1"]
[WhiteElo "2006"]
[BlackElo "2148"]

1.Nf3 Nf6 2.c4 g6 3.g3 Bg7 4.Nc3 O-O 5.Bg2 d6 6.d4 Nc6 7.O-O e5 8.d5 Nb8 9.c5
Na6 10.cxd6 cxd6 11.h3 Bd7 12.Be3 Qa5 13.Nd2 Rfc8 14.Rc1 Qd8 15.b3 Rc7 16.Nc4
Be8 17.f4 exf4 18.Bxf4 Nh5 19.Ne4 Nxf4 20.Rxf4 Rac8 21.Rb1 Rd7 22.h4 b5
23.Ncd2 Bd4+ 24.Kh2 Be5 25.Qf1 f5 26.Ng5 Qe7 27.Rf3 h6 28.e4 hxg5 29.exf5 gxh4
30.fxg6 hxg3+ 31.Kh1 Bxg6 32.Bh3 Qh4 33.Kg2 Rh7 34.Be6+ Kg7 35.Rf7+ Bxf7
36.Qxf7+ Kh8 37.Qxh7+ Qxh7 38.Bxc8 Qh2+ 39.Kf3 Qxd2 {#R} 0-1

[Event "Reykjavik Open 2017"]
[Site "Reykjavik ISL"]
[Date "2017.04.25"]
[Round "8.67"]
[White "Johansson,Ju"]
[Black "Zybura,Andre"]
[Result "1-0"]
[WhiteElo "2122"]
[BlackElo "1894"]

1.d4 Nf6 2.c4 c5 3.d5 b5 4.cxb5 a6 5.bxa6 g6 6.Nc3 Bxa6 7.g3 d6 8.Bg2 Bg7
9.Nf3 Nbd7 10.Rb1 O-O 11.O-O Qa5 12.Bd2 Rfb8 13.b3 Qc7 14.Qc2 Nb6 15.Nh4 Ng4
16.h3 Nf6 17.Rfe1 Bc8 18.a4 Bd7 19.Rec1 Qc8 20.Rb2 Bxh3 21.Bh1 Qb7 22.e4 Ng4
23.Bf3 Nd7 24.Rbb1 Bd4 25.Be1 Nde5 26.Be2 Qd7 27.Nb5 Rc8 28.Qd1 g5 29.Nf5 Nf6
30.Nfxd4 cxd4 31.Nxd4 Nxe4 32.Rxc8+ Rxc8 33.Rc1 Rxc1 34.Qxc1 Qa7 35.Qe3 Bg4
36.Qxe4 f5 37.Nxf5 Bxf5 38.Qxf5 {#r} 1-0

[Event "Reykjavik Open 2017"]
[Site "Reykjavik ISL"]
[Date "2017.04.25"]
[Round "8.69"]
[White "Bottema,M"]
[Black "Skaale,Janus"]
[Result "1-0"]
[WhiteElo "2114"]
[BlackElo "1765"]

1.d4 d5 2.c4 c6 3.Nf3 Nf6 4.Nc3 dxc4 5.a4 Bf5 6.Ne5 e6 7.f3 Bb4 8.Nxc4 O-O
9.Kf2 Bg6 10.e4 Nbd7 11.Be3 Re8 12.Be2 Qe7 13.Qb3 a5 14.Na2 e5 15.dxe5 Nxe5
16.Nxb4 axb4 17.Rhd1 Nxc4 18.Bxc4 Rad8 19.Kg1 Nd7 20.a5 Ne5 21.Be2 c5 22.Rac1
Rxd1+ 23.Qxd1 c4 24.Bxc4 Nxc4 25.Rxc4 Rd8 26.Qc1 b3 27.Bb6 Re8 28.Rc7 Qh4
29.Rxb7 f5 30.Qc3 Bf7 31.Bf2 Qd8 32.e5 Qd5 33.a6 Rxe5 34.Rb8+ Re8 35.a7 Qd1+
36.Qe1 Qxe1+ 37.Bxe1 Rxb8 38.axb8=Q+ Be8 39.Qxe8# 1-0

[Event "Reykjavik Open 2017"]
[Site "Reykjavik ISL"]
[Date "2017.04.25"]
[Round "8.71"]
[White "Kristjansson,O"]
[Black "Lemery,Jon Thor"]
[Result "1-0"]
[WhiteElo "2102"]
[BlackElo "1708"]

1.e4 d5 2.exd5 Nf6 3.c4 c6 4.d4 cxd5 5.Nc3 e6 6.Nf3 Be7 7.Bg5 O-O 8.Bd3 h6
9.Bh4 Nc6 10.O-O Qb6 11.Na4 Qa5 12.c5 b6 13.cxb6 axb6 14.Nc3 Ba6 15.a3 Bxd3
16.Qxd3 Rfc8 17.Rac1 Na7 18.Ne5 Rc7 19.f4 Nd7 20.Be1 Nxe5 21.fxe5 Rac8 22.Rc2
Bg5 23.h4 Bd8 24.g4 Be7 25.Rg2 Rc4 26.Qf3 Rf8 27.g5 g6 28.gxh6 Kh7 29.h5 Qa6
30.Qd3 Kh8 31.hxg6 fxg6 32.Rxf8+ {#r} 1-0

[Event "Reykjavik Open 2017"]
[Site "Reykjavik ISL"]
[Date "2017.04.25"]
[Round "8.73"]
[White "Thorhallsson,G"]
[Black "Njardarson,Daniel Ernir"]
[Result "1-0"]
[WhiteElo "2070"]
[BlackElo "1378"]

1.d4 Nf6 2.c4 e6 3.Nf3 b6 4.Nc3 Bb7 5.e3 c5 6.d5 exd5 7.cxd5 d6 8.Bd3 a6 9.e4
Nbd7 10.a4 Ne5 11.O-O Nxd3 12.Qxd3 Nd7 13.Bf4 f6 14.Nd2 Ne5 15.Qg3 Qd7 16.Rfb1
h5 17.Bxe5 dxe5 18.Qg6+ Qf7 19.Qxf7+ Kxf7 20.Nc4 Rd8 21.Nxb6 Bd6 22.Nc4 g6
23.a5 f5 24.f3 f4 25.Na4 Ke7 26.Rc1 Rc8 27.Nab6 Rce8 28.Ra3 Rh6 29.Nxd6 Kxd6
30.Rac3 {#r} 1-0

[Event "Reykjavik Open 2017"]
[Site "Reykjavik ISL"]
[Date "2017.04.25"]
[Round "8.75"]
[White "Derakhshani,D"]
[Black "Boron,A"]
[Result "1-0"]
[WhiteElo "2351"]
[BlackElo "1865"]

1.e4 c5 2.Nf3 e6 3.d4 cxd4 4.Nxd4 Nf6 5.Nc3 Nc6 6.Ndb5 Bb4 7.a3 Bxc3+ 8.Nxc3
d5 9.exd5 exd5 10.Bd3 O-O 11.O-O d4 12.Ne2 h6 13.b4 a5 14.b5 Ne5 15.Nxd4 Nxd3
16.Qxd3 Qc7 17.Bb2 Rd8 18.c4 Qf4 19.Rad1 Bg4 20.f3 Bh5 21.Ne2 Qc7 22.Bd4 Bg6
23.Qc3 Ne8 24.c5 f6 25.Qe3 Rd7 26.Nc3 Bf7 27.Rfe1 Qc8 28.Na4 {#r} 1-0

[Event "Reykjavik Open 2017"]
[Site "Reykjavik ISL"]
[Date "2017.04.25"]
[Round "8.85"]
[White "Breidfjord,P"]
[Black "Arnalds,S"]
[Result "0-1"]
[WhiteElo "1866"]
[BlackElo "2035"]

1.e4 c5 2.Nf3 e6 3.d4 cxd4 4.Nxd4 Nf6 5.Bd3 Nc6 6.Nxc6 bxc6 7.Nc3 e5 8.Bg5 Rb8
9.Rb1 h6 10.Be3 Qa5 11.Bd2 Qc7 12.O-O d5 13.exd5 cxd5 14.Bb5+ Bd7 15.Bxd7+
Qxd7 16.Qf3 d4 17.Ne4 Nxe4 18.Qxe4 Bd6 19.f4 f5 20.Qe2 e4 21.Kh1 Rc8 22.Qh5+
Qf7 23.Qd1 O-O 24.b3 Qc7 25.c4 dxc3 26.Bxc3 Bxf4 27.Qd5+ Rf7 28.Bb2 Qd6 29.Qa5
Rc5 30.Qa3 Be5 31.Bxe5 Qxe5 32.b4 Rd5 33.Rbe1 f4 34.Qb3 e3 35.Qc4 Rd4 36.Qb3
Qe4 37.a3 Rd2 38.Rg1 f3 {#R} 0-1

[Event "Reykjavik Open 2017"]
[Site "Reykjavik ISL"]
[Date "2017.04.25"]
[Round "8.86"]
[White "Bergsson,St"]
[Black "Pedersen,Soren Sandmann"]
[Result "1-0"]
[WhiteElo "2031"]
[BlackElo "1794"]

1.c4 c6 2.Nf3 Nf6 3.Nc3 d5 4.e3 Bf5 5.cxd5 cxd5 6.Qb3 Bc8 7.Bb5+ Nc6 8.Ne5 Bd7
9.Nxd7 Qxd7 10.d4 e6 11.Bd2 Bd6 12.O-O O-O 13.Rfc1 Rfc8 14.Na4 Qd8 15.Be1 Na5
16.Qd1 a6 17.Bd3 Nd7 18.b4 Nc4 19.Qb3 b5 20.Nc5 Ndb6 21.e4 dxe4 22.Bxe4 Nd5
23.Qh3 Bxc5 24.Qxh7+ Kf8 25.bxc5 Qf6 26.c6 a5 27.a4 Ke7 28.Bxd5 exd5 29.axb5
Qxd4 30.Bc3 Qc5 31.Qxg7 Qxb5 32.Qf6+ Kf8 33.Re1 Qxc6 34.Qh8# 1-0

[Event "Reykjavik Open 2017"]
[Site "Reykjavik ISL"]
[Date "2017.04.25"]
[Round "8.88"]
[White "Ulfsson,Olafur Evert"]
[Black "Thorsteinsdottir,G"]
[Result "0-1"]
[WhiteElo "1802"]
[BlackElo "2013"]

1.e4 e5 2.Nf3 Nf6 3.Nc3 Nc6 4.Bc4 Nxe4 5.Nxe4 d5 6.Bd3 dxe4 7.Bxe4 Bd6 8.O-O
Bg4 9.h3 Bh5 10.c3 O-O 11.Qc2 f5 12.Bd5+ Kh8 13.Nh2 e4 14.Bxc6 bxc6 15.f4 Be2
16.Rf2 Bc5 17.b3 Bd3 18.Qd1 Qh4 19.Qe1 Qxf4 20.Nf1 Bxf2+ 21.Qxf2 Qxf2+ 22.Kxf2
f4 23.Ba3 Rfd8 24.Nh2 h5 25.Bc5 Rd5 26.b4 a5 27.a3 Bc4 28.d4 exd3 29.Nf3 axb4
30.cxb4 d2 31.Rd1 {#R} 0-1

[Event "Reykjavik Open 2017"]
[Site "Reykjavik ISL"]
[Date "2017.04.25"]
[Round "8.89"]
[White "Doknjas,Neil"]
[Black "Steincamp,Isaac K"]
[Result "1-0"]
[WhiteElo "1784"]
[BlackElo "2009"]

1.e4 c5 2.Nf3 g6 3.d4 cxd4 4.Nxd4 Nc6 5.Nc3 Bg7 6.Be3 Nf6 7.Nxc6 bxc6 8.e5 Ng8
9.Bd4 f6 10.Qe2 fxe5 11.Bxe5 Nf6 12.Qc4 Qa5 13.f4 Bb7 14.O-O-O d5 15.Qb3 Qb6
16.Qa3 Qe3+ 17.Kb1 O-O 18.Qxe7 Rf7 19.Qa3 Ng4 20.Bxg7 Kxg7 21.Bd3 Re8 22.Rdf1
c5 23.Nd1 Qe7 24.h3 Nf6 25.b3 d4 26.Rhg1 Nd5 27.f5 Nb4 28.fxg6 Rxf1 29.Rxf1
hxg6 30.Bc4 Bd5 31.Nb2 Bxc4 32.Nxc4 d3 33.Qb2+ Kh7 34.cxd3 Nxd3 35.Qc3 Qe2
36.Rf7+ Kh6 37.Qg7+ Kh5 38.Qh7+ Kg5 39.h4+ {#r} 1-0

[Event "Reykjavik Open 2017"]
[Site "Reykjavik ISL"]
[Date "2017.04.25"]
[Round "8.92"]
[White "Finnsson,Johann Arnar"]
[Black "Magnusson,M"]
[Result "0-1"]
[WhiteElo "1655"]
[BlackElo "1978"]

1.c4 e5 2.g3 Nc6 3.Bg2 g6 4.Nc3 Bg7 5.d3 d6 6.Nf3 Be6 7.Qb3 Rb8 8.Ng5 Nd4
9.Qa4+ Bd7 10.Qd1 h6 11.Nf3 Ne6 12.Be3 a6 13.a4 f5 14.Qd2 g5 15.Qc2 f4 16.Bd2
Ne7 17.h4 g4 18.Nh2 Nd4 19.Qd1 fxg3 20.fxg3 Nef5 21.Nf1 O-O 22.e4 Ne7 23.Ne3
h5 24.Nc2 Nec6 25.Nd5 Nxc2+ 26.Qxc2 Nd4 27.Qd1 c6 28.Bg5 Qe8 29.Nb6 Be6 30.Be3
Nf3+ 31.Ke2 Qg6 32.Rf1 Rf7 33.Qc2 Bh6 34.Qc1 Nd4+ 35.Ke1 Bxe3 36.Qd1 Rxf1+
37.Kxf1 Qf6+ {#R} 0-1

[Event "Reykjavik Open 2017"]
[Site "Reykjavik ISL"]
[Date "2017.04.25"]
[Round "8.93"]
[White "Byrne,Alex"]
[Black "Halldorsson,Hj"]
[Result "0-1"]
[WhiteElo "1976"]
[BlackElo "1776"]

1.e4 e5 2.f4 exf4 3.Bc4 Qh4+ 4.Kf1 g5 5.Qf3 d5 6.exd5 Bd6 7.b3 Ne7 8.Bb5+ Bd7
9.Bxd7+ Nxd7 10.Ba3 g4 11.Qe4 Qf6 12.Bxd6 cxd6 13.Nc3 O-O-O 14.Re1 Rhe8 15.Nb5
Kb8 16.Qb4 Nb6 17.Qa5 Nec8 18.Qc3 Rxe1+ 19.Kxe1 Qe7+ 20.Kd1 Re8 21.Kc1 a6
22.Nd4 Qe1+ 23.Kb2 Qf1 24.Ngf3 Qxh1 25.Ng5 Qxg2 26.Nxf7 {#R} 0-1

[Event "Reykjavik Open 2017"]
[Site "Reykjavik ISL"]
[Date "2017.04.25"]
[Round "8.95"]
[White "Jacobsen,Heidrikur T."]
[Black "Ontiveros,John"]
[Result "1-0"]
[WhiteElo "1951"]
[BlackElo "1741"]

1.e4 c5 2.Nc3 d6 3.Nf3 Nf6 4.d4 cxd4 5.Nxd4 e6 6.Be3 Be7 7.Be2 O-O 8.Nb3 Nbd7
9.g4 Nc5 10.f3 Nxb3 11.axb3 a6 12.O-O Bd7 13.f4 Bc6 14.Bf3 d5 15.exd5 Nxd5
16.Nxd5 Bxd5 17.Bxd5 Qxd5 18.Qxd5 exd5 19.Rfd1 Rac8 20.c3 f5 21.g5 Bc5 22.Bxc5
Rxc5 23.Re1 Kf7 24.Re5 Kg6 25.Kf2 h6 26.h4 hxg5 27.hxg5 Rh8 28.Kg3 a5 29.Re6+
Kf7 30.Rae1 Rb5 31.g6+ {#r} 1-0

[Event "Reykjavik Open 2017"]
[Site "Reykjavik ISL"]
[Date "2017.04.25"]
[Round "8.99"]
[White "Johannsson,Birkir Isak"]
[Black "Eiriksson,S"]
[Result "0-1"]
[WhiteElo "1567"]
[BlackElo "1928"]

1.d4 Nf6 2.c4 g6 3.Nc3 d5 4.cxd5 Nxd5 5.e4 Nxc3 6.bxc3 Bg7 7.Bc4 O-O 8.Ne2 c5
9.O-O Qa5 10.Be3 Nc6 11.Rc1 cxd4 12.cxd4 Bg4 13.f3 Bd7 14.h3 Rac8 15.f4 Qh5
16.Nc3 Qa5 17.Ne2 Qb4 18.Qd3 Na5 19.a3 Qa4 20.Ba2 Bb5 21.Qd2 Bxe2 22.Qxe2 Bxd4
23.Bxd4 Qxd4+ 24.Kh1 Rxc1 25.Rxc1 Rd8 26.Qe1 Qa4 27.Qe3 Qd4 28.Qe1 Qd2 29.Qxd2
Rxd2 30.Rc5 b6 31.Rc8+ Kg7 32.Bd5 e6 33.Ba8 Ra2 34.Rc3 b5 35.Rb3 {#R} 0-1

[Event "Reykjavik Open 2017"]
[Site "Reykjavik ISL"]
[Date "2017.04.25"]
[Round "8.104"]
[White "Jonsson,Pall G"]
[Black "Tan,Teck Woon"]
[Result "1-0"]
[WhiteElo "1833"]
[BlackElo "1636"]

1.b4 e5 2.Bb2 d6 3.e3 Nf6 4.c4 Be7 5.Qc2 b6 6.Nf3 Bb7 7.Be2 O-O 8.O-O Nbd7
9.Nc3 Re8 10.d4 Bf8 11.dxe5 Nxe5 12.Nxe5 Rxe5 13.Nd5 Rg5 14.f4 Nxd5 15.cxd5
Rg6 16.Bd3 Rh6 17.Be4 Qe7 18.Rae1 Re8 19.Bf3 g5 20.fxg5 Qxg5 21.e4 Qe7 22.Qc3
f6 23.Bc1 Rc8 24.Bxh6 Bxh6 25.Bg4 {#r} 1-0

[Event "Reykjavik Open 2017"]
[Site "Reykjavik ISL"]
[Date "2017.04.25"]
[Round "8.106"]
[White "Steingrimsson,Karl Egill"]
[Black "Muhr,Andreas"]
[Result "1-0"]
[WhiteElo "1664"]
[BlackElo "1801"]

1.Nf3 d6 2.d4 Bg4 3.e3 Nd7 4.h3 Bh5 5.Be2 c6 6.Nbd2 Ngf6 7.c4 e6 8.b3 a5 9.a4
d5 10.O-O Bd6 11.Ne1 Bg6 12.Bd3 Bb8 13.Bxg6 hxg6 14.f4 Qc7 15.Nef3 Ba7 16.Bb2
Nh5 17.Qe1 O-O-O 18.Rc1 Nxf4 19.exf4 Qxf4 20.c5 Qc7 21.Ng5 Bb8 22.Ndf3 Nf6
23.Bc3 Rh5 24.Bxa5 Qf4 25.Bd2 Qc7 26.Ne5 Rf8 27.b4 Rxg5 28.Bxg5 Ne4 29.Bf4 g5
30.Bh2 f5 31.b5 g6 32.Rc2 g4 33.Nxg4 f4 34.Ne5 g5 35.Qe2 Qg7 36.bxc6 Bxe5
37.cxb7+ Qxb7 38.dxe5 {#r} 1-0

[Event "Reykjavik Open 2017"]
[Site "Reykjavik ISL"]
[Date "2017.04.25"]
[Round "8.107"]
[White "Gasanova,U"]
[Black "Tijssens,Rob"]
[Result "0-1"]
[WhiteElo "1591"]
[BlackElo "1799"]

1.e4 c5 2.Nf3 d6 3.d4 cxd4 4.Nxd4 Nf6 5.Nc3 a6 6.Be2 e5 7.Nb3 Be7 8.O-O Be6
9.Bg5 Nbd7 10.Qd2 O-O 11.Rad1 b5 12.a3 Qc7 13.f4 Rfe8 14.f5 Bc4 15.Bxc4 Qxc4
16.Qe1 h6 17.Bh4 Rad8 18.Na5 Qc7 19.Nb3 Nb6 20.Nd2 d5 21.exd5 Nbxd5 22.Nf3
Bc5+ 23.Bf2 e4 24.Nxd5 Nxd5 25.Nd4 e3 26.Bg3 Qa7 27.Nc6 e2+ 28.Bf2 exf1=Q+
29.Kxf1 Rxe1+ 30.Rxe1 Bxf2 31.Nxa7 Bxe1 {#R} 0-1

[Event "Reykjavik Open 2017"]
[Site "Reykjavik ISL"]
[Date "2017.04.25"]
[Round "8.108"]
[White "Arnarson,Smari"]
[Black "De Winter,E"]
[Result "0-1"]
[WhiteElo "1550"]
[BlackElo "1786"]

1.e4 c5 2.Nf3 a6 3.c3 e6 4.d4 cxd4 5.cxd4 d6 6.Be2 Nf6 7.Nc3 Be7 8.a4 O-O
9.O-O b6 10.Qc2 Bb7 11.Bg5 Nc6 12.d5 exd5 13.exd5 Nb4 14.Qd2 Nbxd5 15.Nxd5
Nxd5 16.Bxe7 Qxe7 17.Rfe1 Qf6 18.Rad1 Nf4 19.Qxd6 Nxe2+ 20.Rxe2 Rad8 {#R} 0-1

[Event "Reykjavik Open 2017"]
[Site "Reykjavik ISL"]
[Date "2017.04.25"]
[Round "8.109"]
[White "Leosson,Atli Johann"]
[Black "Kvamme,Ingrid Jodre"]
[Result "1-0"]
[WhiteElo "1773"]
[BlackElo "1444"]

1.e4 c5 2.Nf3 g6 3.d4 cxd4 4.Nxd4 Nc6 5.Bc4 Bg7 6.Be3 Nf6 7.Nc3 Qa5 8.O-O O-O
9.Nb3 Qd8 10.Qd2 Re8 11.Bh6 Bh8 12.Qf4 d6 13.Rad1 Ne5 14.Bb5 Bd7 15.Bxd7 Qxd7
16.Qc1 Qc6 17.Nd4 Qc4 18.h3 Rac8 19.Qe3 a6 20.f4 Nc6 21.Nxc6 Rxc6 22.f5 Qc5
23.Qxc5 Rxc5 24.Rd3 Rec8 25.Rdf3 b5 26.fxg6 fxg6 27.Nd5 Re8 28.c3 Nd7 29.Nxe7+
{#r} 1-0